Obecná elektrotechnika pro strojní inženýry /

Gespeichert in:
Bibliographische Detailangaben
1. Verfasser: Fetter, František (Verfasst von)
Format: Buch
Sprache:Tschechisch
Veröffentlicht: Praha : SNTL, 1967
Schlagworte:
Tags: Tag hinzufügen
Keine Tags, Fügen Sie das erste Tag hinzu!

MARC

LEADER 00000nam a22000003a 4500
001 stu36041
005 20150617225731.1
008 920520s1967----cs------------------cze-d
040 |a STU  |b slo 
041 0 |a cze 
044 |a cs 
080 |a 621.3  |7 stu_us_auth*stu8325 
100 1 |a Fetter, František  |4 aut 
245 1 |a Obecná elektrotechnika pro strojní inženýry /  |c [aut.]František Fetter 
260 |a Praha :  |b SNTL,  |c 1967 
300 |a 475 s 
650 7 |a elektrotechnika  |2 stusub 
996 |b 284M012933  |c M*5205-1  |l MMKN  |s A  |a 24  |w stu36041_0001 
996 |b 284M012932  |c M*5205-2  |l MMKN  |s A  |a 24  |w stu36041_0002